Ten prešporský mýtnik

Bibliographic Details
Main Author: Zemaníková, Zuzana, 1948- (Author)
Other Authors: Čapka, Marián, 1950- (Illustrator)
Format: Article
Language:Slovak
Subjects:

MARC

LEADER 00000nab a2200000 a 4500
001 vtls000147846
003 SK-MaSNL
005 20260302205856.0
008 111104c1982 xo 0 slo
015 |a SNBRB19rr/mm-uuuuu 
035 |a CL0157953 
040 |a SNKBUCL  |b slo  |c SNKBUCL  |e AACR2 
041 0 |a slo 
044 |a xo  |c SK 
080 |a 885.4-3(087.5)  |2 1981 
100 1 |a Zemaníková, Zuzana,  |d 1948-  |4 aut  |9 126257 
245 1 0 |a Ten prešporský mýtnik  |c Zuzana Zemaníková ; Marián Čapka 
500 |a Pokračovanie v číslach 5-10 
650 0 7 |a povesti historické slovenské  |2 snkbucl  |9 461477 
655 7 |a články z novín a časopisov  |2 snkbucl  |9 267496 
655 7 |a články z odboru literárna veda a krásna literatúra  |2 snkbucl  |9 770045 
700 1 |a Čapka, Marián,  |d 1950-  |4 ill  |9 220256 
773 0 |t Slniečko  |g Roč. 15, č. 4 (1982), s. 16-18 
850 |a Slovenská národná knižnica v Martine  |a MTA001 
852 |a SNK  |b KIS3GCP 
958 |a RK 
958 |a LX 
992 |a RBX 
999 |c 1479928  |d 1481858